The impact of publishing content with luxury brands on users' social currency on Instagram.

Bibliográfiai részletek
Szerző: Toosi Mohammad Amin
További közreműködők: Papp Dr. Vanda
Dokumentumtípus: TDK dolgozat
Kulcsszavak:luxury
luxury content
marketing communication
social currency
Social media
social status
Online Access:http://dolgozattar.uni-bge.hu/60499

MARC

LEADER 00000nta a2200000 i 4500
001 dolg60499
005 20260416073816.0
008 260416suuuu hu o 000 eng d
040 |a BGE Dolgozattár Repozitórium  |b hun 
041 |a en 
100 1 |a Toosi Mohammad Amin 
245 1 4 |a The impact of publishing content with luxury brands on users' social currency on Instagram.  |c Toosi Mohammad Amin  |h [elektronikus dokumentum] 
516 |a Students_Scientific_Association_paper 
520 3 |a Social currency is the intersection of communication and consumer behavior. All humans and even brands today are involved in social currency in some way and consciously and unconsciously strive to increase it. Some of these efforts are planned, while some of them occur unconsciously and daily. In this study, using 152 questionnaire responses from Iranian Instagram audiences, the degree of dependence of attitude and social status on luxury content was examined. The change in the luxury consumer has created a new luxury paradigm, and the meaning and fundamental value of luxury for the new consumer is different. This causes new values ​​to affect social currency. Also, the respondents of the questionnaire distinguished well between the attitude and social status of individuals, which was one of the key parts of this study. 
695 |a luxury 
695 |a luxury content 
695 |a marketing communication 
695 |a social currency 
695 |a Social media 
695 |a social status 
700 1 |a Papp Dr. Vanda  |e ths 
856 4 0 |u http://dolgozattar.uni-bge.hu/60499/1/paper%20%28Toosi%20Mohammad%20Amin%29.pdf  |z Dokumentum-elérés 
856 4 0 |u http://dolgozattar.uni-bge.hu/60499/2/Resume_2025%20%28Toosi%20Mohammad%20amin%29.docx  |z Dokumentum-elérés 
856 4 0 |u http://dolgozattar.uni-bge.hu/60499/3/Resume_2025%20%28Toosi%20Mohammad%20amin%29.pdf  |z Dokumentum-elérés 
856 4 0 |u http://dolgozattar.uni-bge.hu/60499/4/Authors%20Consent%20-%20Toosi%20Mohammad%20Amin.pdf  |z Dokumentum-elérés 
856 4 0 |u http://dolgozattar.uni-bge.hu/60499/5/Mohammad%20Amin%20Toosi-%20TDK%20evaluation%202025%20Nov%2018c%20MG.pdf  |z Dokumentum-elérés 
856 4 0 |u http://dolgozattar.uni-bge.hu/60499/6/Toosi%20Mohammad%20Amin.pdf  |z Dokumentum-elérés